Estatísticas para Números primos de 1 à 100

Clique aqui para jogar o quiz

Estatísticas Gerais

  • Esse quiz foi jogado 500 vezes
  • A pontuação média é 21 de 25

Estatísticas das Respostas

OrdemNúmeros primos% Correto
2
99%
3
99%
5
98%
7
97%
11
96%
13
95%
17
95%
23
94%
19
93%
11°31
92%
10°29
91%
12°37
90%
13°41
88%
14°43
88%
15°47
86%
16°53
84%
17°59
79%
18°61
77%
19°67
75%
20°71
71%
21°73
70%
22°79
65%
23°83
61%
25°97
55%
24°89
54%

Distribuição das Pontuações

Percentil de Números Respondidos

Porcentagem de Pessoas com Cada Pontuação

Sua Pontuação Histórica

Você não jogou esse quiz